Possession (Record no. 77172)
[ view plain ]
| 000 -LEADER | |
|---|---|
| fixed length control field | 04279cgm a2200841Ia 4500 |
| 001 - CONTROL NUMBER | |
| control field | ocm51287510 |
| 003 - CONTROL NUMBER IDENTIFIER | |
| control field | OCoLC |
| 005 - DATE AND TIME OF LATEST TRANSACTION | |
| control field | 20241220130802.0 |
| 008 - FIXED-LENGTH DATA ELEMENTS--GENERAL INFORMATION | |
| fixed length control field | 021231p20032002cau102 g vleng d |
| 007 - PHYSICAL DESCRIPTION FIXED FIELD--GENERAL INFORMATION | |
| fixed length control field | vd cvaizu |
| 040 ## - CATALOGING SOURCE | |
| Original cataloging agency | TEF |
| Transcribing agency | TEF |
| Modifying agency | JED |
| -- | OCLCQ |
| -- | BTCTA |
| -- | OCLCG |
| -- | OCLCQ |
| -- | SEM |
| -- | BNO |
| -- | OCLCQ |
| -- | MOF |
| -- | GK8 |
| -- | CUS |
| -- | WVR |
| -- | OCLCQ |
| -- | ORU |
| -- | INUQR |
| -- | UINTA |
| 020 ## - INTERNATIONAL STANDARD BOOK NUMBER | |
| International Standard Book Number | 0783273355 |
| 020 ## - INTERNATIONAL STANDARD BOOK NUMBER | |
| International Standard Book Number | 9780783273358 |
| 024 1# - OTHER STANDARD IDENTIFIER | |
| Standard number or code | 025192240324 |
| 028 42 - PUBLISHER NUMBER | |
| Publisher number | 22403 |
| Source | Universal Pictures |
| 035 ## - SYSTEM CONTROL NUMBER | |
| System control number | (OCoLC)51287510 |
| 041 1# - LANGUAGE CODE | |
| Language code of text/sound track or separate title | eng |
| -- | fre |
| Language code of original and/or intermediate translations of text | eng |
| -- | spa |
| -- | eng |
| 050 #4 - LIBRARY OF CONGRESS CALL NUMBER | |
| Classification number | PN1997.2 |
| Item number | .P68 2002 |
| 082 04 - DEWEY DECIMAL CLASSIFICATION NUMBER | |
| Classification number | 791.43/72 |
| 049 ## - LOCAL HOLDINGS (OCLC) | |
| Holding library | UCLB |
| 092 ## - LOCALLY ASSIGNED DEWEY CALL NUMBER (OCLC) | |
| Classification number | 791.437 |
| 245 00 - TITLE STATEMENT | |
| Title | Possession |
| Medium | [videorecording] / |
| Statement of responsibility, etc | USA Films and Warner Bros. Pictures present a Baltimore/Spring Creek Pictures production in association with Contagious Films ; producers, Paul Weinstein, Barry Levinson ; screenplay writers, David Henry Hwang, Laura Jones, Neil LaBute ; director, Neil LaBute. |
| 260 ## - PUBLICATION, DISTRIBUTION, ETC. (IMPRINT) | |
| Place of publication, distribution, etc | Universal City, CA : |
| Name of publisher, distributor, etc | Universal Pictures, |
| Date of publication, distribution, etc | [2003], c2002. |
| 300 ## - PHYSICAL DESCRIPTION | |
| Extent | 1 videodisc (102 min.) : |
| Other physical details | sd., col. ; |
| Dimensions | 4 3/4 in. |
| 538 ## - SYSTEM DETAILS NOTE | |
| System details note | DVD ; NTSC, Region 1 encoding ; anamorphic widescreen ; Dolby digital 5.1 surround. |
| 511 1# - PARTICIPANT OR PERFORMER NOTE | |
| Participant or performer note | Gwyneth Paltrow, Aaron Eckhart, Jeremy Northam, Jennifer Ehle, Lena Headey, Toby Stephens, Tom Hollander. |
| 508 ## - CREATION/PRODUCTION CREDITS NOTE | |
| Creation/production credits note | Director of photography, Jean-Yves Escoffier ; editor, Claire Simpson ; music composer, Gabriel Vared ; costume designer, Jenny Beavan ; production designer, Luciana Arrighi. |
| 500 ## - GENERAL NOTE | |
| General note | Originally produced as a motion picture in 2002. |
| 500 ## - GENERAL NOTE | |
| General note | Based on the novel by A.S. Byatt. |
| 521 8# - TARGET AUDIENCE NOTE | |
| Target audience note | MPAA rating: PG-13. |
| 530 ## - ADDITIONAL PHYSICAL FORM AVAILABLE NOTE | |
| Additional physical form available note | Also issued on VHS. |
| 520 ## - SUMMARY, ETC. | |
| Summary, etc | Roland is an academic researcher who discovers some important letters written by a famous Victorian poet, Randolph Henry Ash. Ash was presumed to have been totally devoted to his wife, but Roland finds letters written to another unnamed woman, and soon determines that the intended recipient was another, less well-known poet, Christabel LaMotte. Roland contacts Maud, an expert on LaMotte's life and work. Despite her skepticism, the two begin to investigate, and uncover a wealth of information about the affair between the two poets. |
| 500 ## - GENERAL NOTE | |
| General note | Special features: commentary by director Neil LaBute, trailer. |
| 546 ## - LANGUAGE NOTE | |
| Language note | Soundtrack in English or dubbed French; optional Spanish subtitles or closed-captioned in English. |
| 505 0# - FORMATTED CONTENTS NOTE | |
| Formatted contents note | Special features; Anamorphic widescreen -- Language: English 5.1 surround ; French 5.1 surround -- Subtitles: English, Spanish. |
| 650 #0 - SUBJECT ADDED ENTRY--TOPICAL TERM | |
| Topical term or geographic name as entry element | Love poetry, Romance |
| Form subdivision | Drama. |
| 9 (RLIN) | 6513741 |
| 650 #0 - SUBJECT ADDED ENTRY--TOPICAL TERM | |
| Topical term or geographic name as entry element | Poetry |
| General subdivision | History and criticism |
| Form subdivision | Drama. |
| 9 (RLIN) | 6513742 |
| 650 #0 - SUBJECT ADDED ENTRY--TOPICAL TERM | |
| Topical term or geographic name as entry element | Poets |
| Form subdivision | Drama. |
| 9 (RLIN) | 5718810 |
| 655 #7 - INDEX TERM--GENRE/FORM | |
| Genre/form data or focus term | Romance. |
| Source of term | migfg |
| 9 (RLIN) | 6221868 |
| 655 #0 - INDEX TERM--GENRE/FORM | |
| Genre/form data or focus term | Historical films. |
| 9 (RLIN) | 6221869 |
| 655 #0 - INDEX TERM--GENRE/FORM | |
| Genre/form data or focus term | Fiction films. |
| 9 (RLIN) | 6221870 |
| 655 #0 - INDEX TERM--GENRE/FORM | |
| Genre/form data or focus term | Feature films. |
| 9 (RLIN) | 6221871 |
| 655 #0 - INDEX TERM--GENRE/FORM | |
| Genre/form data or focus term | Video recordings for the hearing impaired. |
| 9 (RLIN) | 6221872 |
| 700 1# - ADDED ENTRY--PERSONAL NAME | |
| Personal name | Weinstein, Paul. |
| 9 (RLIN) | 6171718 |
| 700 1# - ADDED ENTRY--PERSONAL NAME | |
| Personal name | Levinson, Barry. |
| 9 (RLIN) | 11633 |
| 700 1# - ADDED ENTRY--PERSONAL NAME | |
| Personal name | Hwang, David Henry, |
| Dates associated with a name | 1957- |
| 9 (RLIN) | 17043 |
| 700 1# - ADDED ENTRY--PERSONAL NAME | |
| Personal name | Jones, Laura, |
| Dates associated with a name | 1951- |
| 9 (RLIN) | 6221873 |
| 700 1# - ADDED ENTRY--PERSONAL NAME | |
| Personal name | LaBute, Neil. |
| 9 (RLIN) | 61161 |
| 700 1# - ADDED ENTRY--PERSONAL NAME | |
| Personal name | Paltrow, Gwyneth, |
| Dates associated with a name | 1972- |
| 9 (RLIN) | 64468 |
| 700 1# - ADDED ENTRY--PERSONAL NAME | |
| Personal name | Eckhart, Aaron. |
| 9 (RLIN) | 66169 |
| 700 1# - ADDED ENTRY--PERSONAL NAME | |
| Personal name | Northam, Jeremy, |
| Dates associated with a name | 1961- |
| 9 (RLIN) | 58498 |
| 700 1# - ADDED ENTRY--PERSONAL NAME | |
| Personal name | Ehle, Jennifer, |
| Dates associated with a name | 1969- |
| 9 (RLIN) | 62214 |
| 700 1# - ADDED ENTRY--PERSONAL NAME | |
| Personal name | Headey, Lena. |
| 9 (RLIN) | 76278 |
| 700 1# - ADDED ENTRY--PERSONAL NAME | |
| Personal name | Stephens, Toby, |
| Dates associated with a name | 1969- |
| 9 (RLIN) | 66346 |
| 700 1# - ADDED ENTRY--PERSONAL NAME | |
| Personal name | Hollander, Tom, |
| Dates associated with a name | 1967- |
| 9 (RLIN) | 5714950 |
| 700 1# - ADDED ENTRY--PERSONAL NAME | |
| Personal name | Escoffier, Jean-Yves, |
| Dates associated with a name | 1950-2003. |
| 9 (RLIN) | 71105 |
| 700 1# - ADDED ENTRY--PERSONAL NAME | |
| Personal name | Simpson, Claire. |
| 9 (RLIN) | 6221874 |
| 700 1# - ADDED ENTRY--PERSONAL NAME | |
| Personal name | Vared, Gabriel. |
| 9 (RLIN) | 6221875 |
| 700 1# - ADDED ENTRY--PERSONAL NAME | |
| Personal name | Beavan, Jenny, |
| Dates associated with a name | 1950- |
| 9 (RLIN) | 5878383 |
| 700 1# - ADDED ENTRY--PERSONAL NAME | |
| Personal name | Arrighi, Luciana. |
| 9 (RLIN) | 5828258 |
| 700 1# - ADDED ENTRY--PERSONAL NAME | |
| Personal name | Byatt, A. S. |
| Fuller form of name | (Antonia Susan), |
| Dates associated with a name | 1936- |
| Title of a work | Possession. |
| 9 (RLIN) | 6221876 |
| 710 2# - ADDED ENTRY--CORPORATE NAME | |
| Corporate name or jurisdiction name as entry element | USA Films (Firm) |
| 9 (RLIN) | 67510 |
| 710 2# - ADDED ENTRY--CORPORATE NAME | |
| Corporate name or jurisdiction name as entry element | Warner Bros. Pictures (1969- ) |
| 9 (RLIN) | 68691 |
| 710 2# - ADDED ENTRY--CORPORATE NAME | |
| Corporate name or jurisdiction name as entry element | Baltimore Pictures (Firm) |
| 9 (RLIN) | 76633 |
| 710 2# - ADDED ENTRY--CORPORATE NAME | |
| Corporate name or jurisdiction name as entry element | Spring Creek Productions. |
| 9 (RLIN) | 66377 |
| 710 2# - ADDED ENTRY--CORPORATE NAME | |
| Corporate name or jurisdiction name as entry element | Contagious Films. |
| 9 (RLIN) | 6221877 |
| 710 2# - ADDED ENTRY--CORPORATE NAME | |
| Corporate name or jurisdiction name as entry element | Universal Pictures (Firm) |
| 9 (RLIN) | 19584 |
| 856 42 - ELECTRONIC LOCATION AND ACCESS | |
| Uniform Resource Identifier | <a href="http://www.mrqe.com/movies/m100041748">http://www.mrqe.com/movies/m100041748</a> |
| Public note | Link to reviews of film |
| 938 ## - | |
| -- | Baker and Taylor |
| -- | BTCP |
| -- | be2003006884 |
| 942 ## - ADDED ENTRY ELEMENTS (KOHA) | |
| Koha item type | DVD |
| 994 ## - | |
| -- | C0 |
| -- | UINTA |
| 998 ## - LOCAL CONTROL INFORMATION (RLIN) | |
| -- | a143543 |
| Withdrawn status | Lost status | Source of classification or shelving scheme | Damaged status | Not for loan | Collection code | Home library | Current library | Shelving location | Date acquired | Source of acquisition | Cost, normal purchase price | Total Checkouts | Total Renewals | Full call number | Barcode | Date last seen | Date checked out | Cost, replacement price | Price effective from | Koha item type |
|---|---|---|---|---|---|---|---|---|---|---|---|---|---|---|---|---|---|---|---|---|
| Dewey Decimal Classification | Movies | Wasatch County Library | Wasatch County Library | Audio Visual Area | 03/04/2005 | Donation | 19.95 | 203 | 2 | DVD Pos | 34301000577645 | 03/07/2024 | 09/08/2022 | 19.95 | 03/20/2020 | DVD |
